Capitals of Balkan countries - Statistics

General Stats
  • This quiz has been taken 35 times
  • The average score is 8 of 10
Answer Stats
Countries Capitals % Correct
Bulgaria Sofia
94%
Croatia Zagreb
91%
Bosnia Sarajevo
88%
Romania Bucharest
84%
Albania Tirana
84%
Serbia Belgrade
81%
Slovenia Ljubljana
75%
Kosovo Pristina
75%
North Macedonia Skopje
75%
Montenegro Podgorica
66%
No matching quizzes found
Score Distribution
Percent of People with Each Score
Percentile by Number Answered
Your Score History
You have not taken this quiz